| 000 -LEADER |
| fixed length control field |
00566cam a2200193 a 4500 |
| 020 ## - INTERNATIONAL STANDARD BOOK NUMBER |
| ISBN |
0867200723 |
| 020 ## - INTERNATIONAL STANDARD BOOK NUMBER |
| ISBN |
9780867200720 |
| 040 ## - CATALOGING SOURCE |
| Transcribing agency |
DLC |
| 082 ## - DEWEY DECIMAL CLASSIFICATION NUMBER |
| Classification number |
363 JON 1988 A018 Co. |
| 100 1# - MAIN ENTRY--AUTHOR NAME |
| Personal name |
ReVelle, Penelope. |
| 245 14 - TITLE STATEMENT |
| Title |
The environment : |
| Remainder of title |
issues and choices for society / |
| 250 ## - EDITION STATEMENT |
| Edition statement |
3rd ed. |
| 260 ## - PUBLICATION, DISTRIBUTION, ETC. (IMPRINT) |
| Place of publication |
Boston : |
| Name of publisher |
Jones and Bartlett Publishers, |
| Year of publication |
c1988. |
| 300 ## - PHYSICAL DESCRIPTION |
| Number of Pages |
xvi, 749 p., [10] p. of plates : |
| Other physical details |
ill. (some col.) ; |
| Dimensions |
27 cm. |
| 650 #0 - SUBJECT ADDED ENTRY--TOPICAL TERM |
| Topical Term |
Environmental protection. |
| 650 #0 - SUBJECT ADDED ENTRY--TOPICAL TERM |
| Topical Term |
Human ecology. |
| 700 1# - ADDED ENTRY--PERSONAL NAME |
| Personal name |
ReVelle, Charles. |
| 942 ## - ADDED ENTRY ELEMENTS (KOHA) |
| Koha item type |
សៀវភៅភាសាអង់គ្លេស |
| 952 ## - LOCATION AND ITEM INFORMATION (KOHA) |
| Withdrawn status [LOCAL, KOHA] |
0 |